[Event "World Corporate East B"]
[Site "Chess.com INT"]
[Date "2021.02.19"]
[Round "2.15"]
[White "Waske, Deepak"]
[Black "Stojadinov, Svetlana"]
[Result "0-1"]
[WhiteElo "1639"]
[BlackElo "2004"]
[PlyCount "62"]
[EventDate "2021.02.19"]
[EventType "team (rapid)"]
[EventRounds "7"]
[EventCountry "USA"]
[SourceTitle "EXT 2022"]
[Source "ChessBase"]
[SourceDate "2021.10.06"]
[SourceVersion "1"]
[SourceVersionDate "2021.10.06"]
[SourceQuality "1"]
[WhiteTeam "Deutsche Bank Mumbai"]
[BlackTeam "Continental Automotive"]
[WhiteTeamCountry "IND"]
[BlackTeamCountry "SRB"]

1. d4 d5 2. c4 c6 3. e3 Nf6 4. Nf3 dxc4 5. Bxc4 Nbd7 6. 0-0 Qc7 7. Nc3 e6 8. a3 Be7 9. Qc2 0-0 10. Bd3 h6 11. b4 e5 12. Bb2 exd4 13. Nxd4 Ne5 14. Be2 Re8 15. h3 Bf8 16. Ne4 Nxe4 17. Qxe4 Bd7 18. Qh4 Ng6 19. Qh5 Re5 20. Qf3 Rg5 21. g3 Bxh3 22. Rfd1 Nh4 23. Qf4 Qxf4 24. exf4 Rg6 25. Bh5 Rf6 26. gxh4 Rxf4 27. Bf3 Rxh4 28. Bg2 Rg4 29. Kh2 Bxg2 30. Rg1 Bd6+ 31. f4 Bxf4# 0-1

[Event "SRB-chT (Women)"]
[Site "Subotica"]
[Date "2019.09.01"]
[Round "11.11"]
[White "Hejazipour, Mitra"]
[Black "Stojadinov, Svetlana"]
[Result "1-0"]
[WhiteElo "2251"]
[BlackElo "2014"]
[PlyCount "85"]
[EventDate "2019.08.22"]
[EventType "team-tourn"]
[EventRounds "11"]
[EventCountry "SRB"]
[SourceTitle "EXT 2020"]
[Source "ChessBase"]
[SourceDate "2019.10.17"]
[SourceVersion "1"]
[SourceVersionDate "2019.10.17"]
[SourceQuality "1"]
[WhiteTeam "Rudovci Radnicki (W)"]
[BlackTeam "Novi Sad CC (W)"]
[WhiteTeamCountry "SRB"]
[BlackTeamCountry "SRB"]

1. c4 c6 2. Nf3 Nf6 3. e3 d5 4. Nc3 g6 5. d4 Bg7 6. Bd3 0-0 7. 0-0 a6 8. a4 Nbd7 9. cxd5 cxd5 10. Bd2 Re8 11. Qb3 Qb6 12. Qxb6 Nxb6 13. a5 Nbd7 14. Na4 Ne4 15. Bb4 Rb8 16. Rfc1 b5 17. axb6 Nxb6 18. Rc7 Bf6 19. Nxb6 Rxb6 20. Ba3 Nd6 21. Rac1 Bf5 22. Bxf5 gxf5 23. R1c6 Rxc6 24. Rxc6 Rc8 25. Rxc8+ Nxc8 26. Bc5 Kf8 27. Ne1 Ke8 28. Nd3 a5 29. Nc1 Kd7 30. Nb3 a4 31. Nc1 Kc6 32. Ne2 Nb6 33. Bxb6 Kxb6 34. Nc3 Ka5 35. Nxd5 Kb5 36. Nxf6 exf6 37. Kf1 Kc4 38. Ke2 Kb3 39. d5 Kxb2 40. d6 a3 41. d7 a2 42. d8Q a1Q 43. Qxf6+ 1-0

[Event "SRB-ch sf (Women)"]
[Site "Zrenjanin"]
[Date "2018.02.19"]
[Round "6"]
[White "Vujcic, Milena"]
[Black "Stojadinov, Svetlana"]
[Result "1-0"]
[WhiteElo "1830"]
[BlackElo "1932"]
[PlyCount "139"]
[EventDate "2018.02.16"]
[EventType "swiss"]
[EventRounds "9"]
[EventCountry "SRB"]
[SourceTitle "CBM 183 Extra"]
[Source "ChessBase"]
[SourceDate "2018.04.19"]
[SourceVersion "1"]
[SourceVersionDate "2018.04.19"]
[SourceQuality "1"]

1. e4 e5 2. Nf3 Nf6 3. Nxe5 d6 4. Nf3 Nxe4 5. d4 d5 6. Bd3 Bd6 7. 0-0 0-0 8. c4 c6 9. Nc3 Nxc3 10. bxc3 Bg4 11. h3 Bh5 12. cxd5 cxd5 13. Be2 Re8 14. Re1 Nd7 15. Be3 Qc7 16. Qb3 Nb6 17. Bd2 Re6 18. Bd1 Rae8 19. Rxe6 Rxe6 20. Ng5 Bxd1 21. Qxd1 Re8 22. Qc2 g6 23. Nf3 Nc4 24. Be1 Rc8 25. Qb3 Qc6 26. Rb1 Na3 27. Rb2 b6 28. Ne5 Qb7 29. Ng4 Qe7 30. Qd1 Re8 31. Kf1 h5 32. Ne3 Qg5 33. Qf3 Nc4 34. Re2 Nxe3+ 35. Rxe3 Rc8 36. g3 h4 37. gxh4 Qxh4 38. Qxd5 Bf4 39. Rf3 Qg5 40. Qxg5 Bxg5 41. Rg3 Bh6 42. Rd3 Rc4 43. d5 Kf8 44. d6 Ke8 45. d7+ Kd8 46. Rf3 Bf4 47. Rd3 Be5 48. f3 Ra4 49. Re3 f6 50. Re2 Kxd7 51. Rc2 Rc4 52. Ke2 Ke6 53. Kd3 Kd5 54. h4 b5 55. Rg2 Rf4 56. Ke3 Ra4 57. Kd3 Ra3 58. Rxg6 Rxa2 59. f4 Bxf4 60. Rxf6 Be5 61. Rf3 Rh2 62. Re3 a5 63. Rxe5+ Kc6 64. Re2 Rh3+ 65. Kc2 Kd5 66. Rg2 Rh1 67. Bg3 a4 68. Kb2 Kc4 69. Bh2 Rg1 70. Be5 1-0

[Event "SRB-ch sf (Women)"]
[Site "Zrenjanin"]
[Date "2018.02.18"]
[Round "4"]
[White "Miladinovic, Lena"]
[Black "Stojadinov, Svetlana"]
[Result "1/2-1/2"]
[WhiteElo "2081"]
[BlackElo "1932"]
[PlyCount "59"]
[EventDate "2018.02.16"]
[EventType "swiss"]
[EventRounds "9"]
[EventCountry "SRB"]
[SourceTitle "CBM 183 Extra"]
[Source "ChessBase"]
[SourceDate "2018.04.19"]
[SourceVersion "1"]
[SourceVersionDate "2018.04.19"]
[SourceQuality "1"]

1. c4 c6 2. e4 e5 3. Nf3 Qc7 4. Nc3 Nf6 5. Be2 Bb4 6. Qc2 a5 7. 0-0 0-0 8. d3 d5 9. exd5 cxd5 10. Nb5 Qe7 11. a3 Bd6 12. Re1 h6 13. Nxd6 Qxd6 14. d4 e4 15. Ne5 Nc6 16. Nxc6 bxc6 17. Be3 Bg4 18. Bf1 Nh7 19. Qd2 g5 20. Qc3 f5 21. h3 Bh5 22. cxd5 f4 23. Bd2 cxd5 24. Rec1 Nf6 25. Qc5 Qxc5 26. Rxc5 e3 27. fxe3 Ne4 28. Rc2 Nxd2 29. Rxd2 fxe3 30. Rc2 1/2-1/2

[Event "SRB-ch sf (Women)"]
[Site "Zrenjanin"]
[Date "2018.02.18"]
[Round "5"]
[White "Stojadinov, Svetlana"]
[Black "Stankovic, Marija1111"]
[Result "1-0"]
[WhiteElo "1932"]
[BlackElo "1692"]
[PlyCount "73"]
[EventDate "2018.02.16"]
[EventType "swiss"]
[EventRounds "9"]
[EventCountry "SRB"]
[SourceTitle "CBM 183 Extra"]
[Source "ChessBase"]
[SourceDate "2018.04.19"]
[SourceVersion "1"]
[SourceVersionDate "2018.04.19"]
[SourceQuality "1"]

1. e4 c6 2. d4 d5 3. Nd2 dxe4 4. Nxe4 Nf6 5. Ng3 h5 6. h4 Bg4 7. f3 Bc8 8. c3 e6 9. Be3 Be7 10. Bf2 Nbd7 11. Qc2 Nb6 12. 0-0-0 Qc7 13. N1e2 Bd7 14. Ne4 Nxe4 15. fxe4 0-0 16. Bg3 Bd6 17. e5 Be7 18. Nf4 Nd5 19. Qe2 g6 20. Qe4 Kg7 21. Bd3 Nxf4 22. Bxf4 Rh8 23. Rdf1 c5 24. Be3 Be8 25. g4 cxd4 26. Bxd4 Qc6 27. Qf4 hxg4 28. Qxg4 Rh5 29. Rfg1 Kf8 30. Be2 Bc5 31. Kb1 Ke7 32. Bf3 Qb6 33. Qg2 Rh8 34. Bxc5+ Qxc5 35. Qg5+ Kf8 36. Qf6 Rg8 37. h5 1-0

[Event "SRB-ch sf (Women)"]
[Site "Zrenjanin"]
[Date "2018.02.17"]
[Round "2"]
[White "Blagojevic, Tijana"]
[Black "Stojadinov, Svetlana"]
[Result "1-0"]
[WhiteElo "2261"]
[BlackElo "1932"]
[PlyCount "123"]
[EventDate "2018.02.16"]
[EventType "swiss"]
[EventRounds "9"]
[EventCountry "SRB"]
[SourceTitle "CBM 183 Extra"]
[Source "ChessBase"]
[SourceDate "2018.04.19"]
[SourceVersion "1"]
[SourceVersionDate "2018.04.19"]
[SourceQuality "1"]

1. e4 e5 2. Nf3 Nf6 3. Nc3 Bb4 4. Nxe5 0-0 5. Nd3 Bxc3 6. dxc3 Nxe4 7. c4 Nc6 8. Nf4 Re8 9. Be2 d6 10. 0-0 h6 11. Nd5 Ne7 12. Bf3 Nxd5 13. cxd5 Qf6 14. c3 Bd7 15. Be3 Re7 16. Qb3 b6 17. Qc4 Bf5 18. Rad1 Ng5 19. Bxg5 Qxg5 20. h4 Qf6 21. Qf4 Rae8 22. g4 Be4 23. Qxf6 gxf6 24. Bxe4 Rxe4 25. f3 Re2 26. Rf2 Re1+ 27. Rxe1 Rxe1+ 28. Kg2 Rd1 29. c4 b5 30. cxb5 Rxd5 31. a4 Rc5 32. Kg3 Kf8 33. Re2 d5 34. Rd2 Rc4 35. b3 Rb4 36. Rxd5 Rxb3 37. Rd8+ Ke7 38. Ra8 Rb4 39. Rxa7 Kd6 40. Ra6+ Ke7 41. Rc6 Rxa4 42. Rxc7+ Ke6 43. b6 Rb4 44. b7 Ke5 45. Kf2 Rb3 46. Ke2 f5 47. gxf5 Kxf5 48. Rxf7+ Ke5 49. Kf2 Ke6 50. Rh7 Kf5 51. Ke2 Kg6 52. Rc7 Kh5 53. Kd2 Kxh4 54. Kc2 Rb6 55. Rg7 Kh3 56. f4 h5 57. f5 h4 58. f6 Kh2 59. f7 Rxb7 60. f8Q Rxg7 61. Qxg7 h3 62. Qg4 1-0

[Event "SRB-chT (Women)"]
[Site "Novi Sad"]
[Date "2017.09.07"]
[Round "7.5"]
[White "Tomin, Ksenija"]
[Black "Stojadinov, Svetlana"]
[Result "0-1"]
[WhiteElo "1997"]
[BlackElo "1943"]
[PlyCount "46"]
[EventDate "2017.09.01"]
[EventType "team-tourn"]
[EventRounds "11"]
[EventCountry "SRB"]
[SourceTitle "CBM 180 Extra"]
[Source "ChessBase"]
[SourceDate "2017.10.06"]
[SourceVersion "1"]
[SourceVersionDate "2017.10.06"]
[SourceQuality "1"]
[WhiteTeam "Novi Sad Sah Kruzok (W)"]
[BlackTeam "Novi Sad CC (W)"]
[WhiteTeamCountry "SRB"]
[BlackTeamCountry "SRB"]

1. e4 e5 2. Nf3 Nf6 3. Nxe5 d6 4. Nf3 Nxe4 5. d4 d5 6. Bd3 Bd6 7. 0-0 0-0 8. Re1 Bf5 9. c3 c6 10. Bc2 Nd7 11. Nbd2 Ndf6 12. h3 Re8 13. Nf1 Bg6 14. Ne3 Nh5 15. Ng4 f6 16. Be3 Nf4 17. Bxf4 Bxf4 18. Ne3 Qd6 19. Nf1 Re7 20. Nh4 f5 21. Nxg6 Qxg6 22. f3 Ng5 23. g4 Rxe1 0-1

[Event "SRB-chT (Women)"]
[Site "Novi Sad"]
[Date "2017.09.02"]
[Round "2.3"]
[White "Stojadinov, Svetlana"]
[Black "Chelushkina, Irina"]
[Result "0-1"]
[WhiteElo "1943"]
[BlackElo "2236"]
[PlyCount "82"]
[EventDate "2017.09.01"]
[EventType "team-tourn"]
[EventRounds "11"]
[EventCountry "SRB"]
[SourceTitle "CBM 180 Extra"]
[Source "ChessBase"]
[SourceDate "2017.10.06"]
[SourceVersion "1"]
[SourceVersionDate "2017.10.06"]
[SourceQuality "1"]
[WhiteTeam "Novi Sad CC (W)"]
[BlackTeam "Belgrade Bas (W)"]
[WhiteTeamCountry "SRB"]
[BlackTeamCountry "SRB"]

1. e4 c5 2. Nc3 a6 3. a4 Nc6 4. g3 e6 5. Bg2 Nf6 6. d3 Rb8 7. f4 d5 8. e5 Nd7 9. Nf3 g6 10. 0-0 Be7 11. h3 0-0 12. Kh2 f6 13. exf6 Nxf6 14. b3 Bd6 15. d4 Qa5 16. Ne2 Ne4 17. Bb2 Qc7 18. Ne5 Nf6 19. Nxc6 bxc6 20. dxc5 Bxc5 21. Ng1 Nh5 22. Be5 Bd6 23. Nf3 Rb4 24. Bxd6 Qxd6 25. Ne5 c5 26. Qd3 a5 27. Qc3 Ba6 28. Rfe1 Ng7 29. Ng4 d4 30. Qd2 Nf5 31. Re5 h5 32. Nf2 h4 33. g4 Ne3 34. Ne4 Qc7 35. Qf2 Nd5 36. Qxh4 Rxf4 37. Qg5 Kg7 38. Ng3 Rf2 39. Rxe6 Rxg2+ 40. Kh1 Qf7 41. Nf5+ Qxf5 0-1

[Event "SRB-chT (Women)"]
[Site "Kragujevac"]
[Date "2016.10.01"]
[Round "10.1"]
[White "Stojadinov, Svetlana"]
[Black "Milutinovic, Stefana"]
[Result "0-1"]
[WhiteElo "1927"]
[BlackElo "2119"]
[PlyCount "46"]
[EventDate "2016.09.22"]
[EventType "team-tourn"]
[EventRounds "11"]
[EventCountry "SRB"]
[SourceTitle "CBM 174 Extra"]
[Source "ChessBase"]
[SourceDate "2016.10.10"]
[SourceVersion "1"]
[SourceVersionDate "2016.10.10"]
[SourceQuality "1"]
[WhiteTeam "Novi Sad (W)"]
[BlackTeam "Rad (W)"]
[WhiteTeamCountry "SRB"]
[BlackTeamCountry "SRB"]

1. e4 c5 2. Nc3 d6 3. Bb5+ Bd7 4. Bxd7+ Qxd7 5. d3 Nc6 6. Nge2 g6 7. 0-0 Bg7 8. Bf4 Nf6 9. Qd2 h5 10. a3 0-0 11. Bh6 Rab8 12. Bxg7 Kxg7 13. f4 b5 14. f5 b4 15. Nd1 Kh7 16. fxg6+ fxg6 17. axb4 cxb4 18. Rf3 d5 19. exd5 Nxd5 20. Nf4 Nd4 21. Rf2 Nxf4 22. Rxf4 Rxf4 23. c3 Rbf8 0-1

[Event "SRB-chT (Women)"]
[Site "Kragujevac"]
[Date "2016.09.28"]
[Round "7.3"]
[White "Ostojic, Katarina"]
[Black "Stojadinov, Svetlana"]
[Result "1/2-1/2"]
[WhiteElo "1982"]
[BlackElo "1927"]
[PlyCount "108"]
[EventDate "2016.09.22"]
[EventType "team-tourn"]
[EventRounds "11"]
[EventCountry "SRB"]
[SourceTitle "CBM 174 Extra"]
[Source "ChessBase"]
[SourceDate "2016.10.10"]
[SourceVersion "1"]
[SourceVersionDate "2016.10.10"]
[SourceQuality "1"]
[WhiteTeam "Belgrade Radnicki (W)"]
[BlackTeam "Novi Sad (W)"]
[WhiteTeamCountry "SRB"]
[BlackTeamCountry "SRB"]

1. d4 d5 2. c4 c6 3. Nc3 Nf6 4. Nf3 e6 5. Bg5 Be7 6. e3 0-0 7. Rc1 Nbd7 8. Bd3 dxc4 9. Bxc4 b5 10. Bd3 Bb7 11. 0-0 h6 12. Bxf6 Nxf6 13. Ne5 Rc8 14. Ne4 Qd5 15. Qf3 Rfd8 16. b3 c5 17. Nxf6+ Bxf6 18. Qxd5 Bxd5 19. Bxb5 cxd4 20. exd4 Rxc1 21. Rxc1 Be4 22. Nd7 Bxd4 23. Rc4 e5 24. Nxe5 Bxe5 25. Rxe4 Rd1+ 26. Bf1 Bd6 27. g3 Kf8 28. Kg2 Rd2 29. a4 Bc5 30. Rf4 g5 31. Rf5 Bd4 32. Bc4 f6 33. h4 Ke7 34. h5 Rb2 35. g4 Rd2 36. Kg3 Be5+ 37. Kf3 Rb2 38. Ke4 Bf4 39. f3 Be5 40. Kd5 Kd7 41. Kc5 Kc7 42. a5 Rd2 43. b4 Bd6+ 44. Kb5 Be5 45. Kc5 Kb7 46. Bd5+ Kc7 47. b5 Bd6+ 48. Kc4 Be5 49. Be4 Ra2 50. b6+ axb6 51. axb6+ Kxb6 52. Kd5 Ra7 53. Ke6 Kc5 54. Bd3 Kd4 1/2-1/2

[Event "SRB-chT (Women)"]
[Site "Palic"]
[Date "2014.09.04"]
[Round "6.1"]
[White "Stojadinov, Svetlana"]
[Black "Petrenko, Svetlana"]
[Result "0-1"]
[WhiteElo "1894"]
[BlackElo "2205"]
[PlyCount "106"]
[EventDate "2014.08.30"]
[EventType "team-tourn"]
[EventRounds "11"]
[EventCountry "SRB"]
[SourceTitle "CBM 162 Extra"]
[Source "ChessBase"]
[SourceDate "2014.10.17"]
[SourceVersion "1"]
[SourceVersionDate "2014.10.17"]
[SourceQuality "1"]
[WhiteTeam "Novi Sad DDOR (W)"]
[BlackTeam "Belgrade Radnicki (W)"]
[WhiteTeamCountry "SRB"]
[BlackTeamCountry "SRB"]

1. e4 d6 2. d4 Nf6 3. Nc3 g6 4. Nf3 Bg7 5. Bc4 0-0 6. 0-0 c6 7. a4 a5 8. h3 Na6 9. Be3 Nb4 10. Bb3 e6 11. Qd2 d5 12. e5 Ne8 13. Bh6 b6 14. Ne2 c5 15. c3 Nc6 16. Ng3 Ba6 17. Rfe1 cxd4 18. cxd4 Nb4 19. Bxg7 Kxg7 20. h4 h6 21. Re3 Kh7 22. h5 Ng7 23. hxg6+ fxg6 24. Rc3 Ra7 25. Rac1 Raf7 26. Kh2 Nf5 27. Rh1 Nh4 28. Kg1 Rf4 29. Rxh4 Rxh4 30. Nxh4 Qxh4 31. Rc7+ Kg8 32. Bc2 Rf4 33. Bxg6 Rxd4 34. Bh7+ Kh8 35. Qc1 Rc4 36. Rxc4 Bxc4 37. Bb1 Qg5 38. Qc3 h5 39. b3 h4 40. Nh1 Ba6 41. Qc7 Bd3 42. Qc8+ Qg8 43. Qc1 Bxb1 44. Qxb1 Qg5 45. Qb2 Nd3 46. Qd4 Nf4 47. Kf1 Qxg2+ 48. Ke1 Qxh1+ 49. Kd2 Qe4 50. Qxb6 Qd3+ 51. Kc1 Ne2+ 52. Kb2 Qc3+ 53. Ka2 Nc1+ 0-1

[Event "SRB-chT (Women)"]
[Site "Kragujevac"]
[Date "2013.09.01"]
[Round "9.6"]
[White "Ovod, Evgenija"]
[Black "Stojadinov, Svetlana"]
[Result "1-0"]
[WhiteElo "2390"]
[BlackElo "1935"]
[PlyCount "65"]
[EventDate "2013.08.24"]
[EventType "team-tourn"]
[EventRounds "11"]
[EventCountry "SRB"]
[SourceTitle "CBM 156 Extra"]
[Source "ChessBase"]
[SourceDate "2013.10.22"]
[SourceVersion "1"]
[SourceVersionDate "2013.10.22"]
[SourceQuality "1"]
[WhiteTeam "Kac Jugovic (W)"]
[BlackTeam "Petrovaradin (W)"]
[WhiteTeamCountry "SRB"]
[BlackTeamCountry "SRB"]

1. d4 d5 2. c4 e6 3. Nf3 Be7 4. Nc3 Nf6 5. Bg5 0-0 6. Qc2 c6 7. e3 Nbd7 8. Rd1 h6 9. Bf4 Re8 10. a3 dxc4 11. Bxc4 Nd5 12. 0-0 Nxf4 13. exf4 Nf6 14. Ba2 Nd5 15. Bb1 g6 16. Ne5 Bf6 17. g3 Qc7 18. Ne4 Bg7 19. h4 Bxe5 20. fxe5 h5 21. Rd3 b6 22. Rf3 Rf8 23. Qd2 Kg7 24. Qg5 Qe7 25. Nf6 Rh8 26. Be4 Ba6 27. Bxd5 cxd5 28. Nxh5+ Kf8 29. Qxg6 Ke8 30. Ng7+ Kf8 31. Nxe6+ Ke8 32. Ng7+ Kf8 33. e6 1-0

[Event "SRB-chT (Women)"]
[Site "Kragujevac"]
[Date "2013.08.29"]
[Round "6.3"]
[White "Stojadinov, Svetlana"]
[Black "Muzychuk, Mariya"]
[Result "0-1"]
[WhiteElo "1935"]
[BlackElo "2495"]
[PlyCount "56"]
[EventDate "2013.08.24"]
[EventType "team-tourn"]
[EventRounds "11"]
[EventCountry "SRB"]
[SourceTitle "CBM 156 Extra"]
[Source "ChessBase"]
[SourceDate "2013.10.22"]
[SourceVersion "1"]
[SourceVersionDate "2013.10.22"]
[SourceQuality "1"]
[WhiteTeam "Petrovaradin (W)"]
[BlackTeam "Belgrade Rad (W)"]
[WhiteTeamCountry "SRB"]
[BlackTeamCountry "SRB"]

1. e4 c5 2. Nc3 Nc6 3. Bb5 Nd4 4. Bc4 e6 5. Nge2 a6 6. d3 b5 7. Bb3 Nxb3 8. axb3 Bb7 9. f4 d5 10. exd5 exd5 11. d4 c4 12. bxc4 dxc4 13. 0-0 Nf6 14. Ng3 Be7 15. Be3 0-0 16. h3 Re8 17. Qd2 Bb4 18. Qf2 Ba5 19. Rfe1 Bb6 20. Nf1 Qd7 21. Nh2 Rxe3 22. Rxe3 Bxd4 23. Nf3 Bxf3 24. Qxf3 Re8 25. Rae1 Bxe3+ 26. Rxe3 Qd4 27. Kf2 b4 28. Nd1 Rd8 0-1

[Event "SRB-ch U20 Girls"]
[Site "Donji Milanovac"]
[Date "2012.07.26"]
[Round "4"]
[White "Stojadinov, Svetlana"]
[Black "Milanovic, Maja"]
[Result "1/2-1/2"]
[WhiteElo "1859"]
[BlackElo "1879"]
[PlyCount "95"]
[EventDate "2012.07.24"]
[EventType "tourn"]
[EventRounds "9"]
[EventCountry "SRB"]
[SourceTitle "CBM 149 Extra"]
[Source "ChessBase"]
[SourceDate "2012.08.24"]
[SourceVersion "1"]
[SourceVersionDate "2012.08.24"]
[SourceQuality "1"]

1. e4 c5 2. Nc3 Nc6 3. Bb5 Nd4 4. Bc4 e6 5. d3 a6 6. a4 Ne7 7. e5 Nec6 8. f4 d5 9. exd6 Bxd6 10. Ne4 Be7 11. Nf3 Nxf3+ 12. Qxf3 Nd4 13. Qf2 Qc7 14. Be3 Bd6 15. Nxd6+ Qxd6 16. c3 Nf5 17. Bxc5 Qc6 18. 0-0 Bd7 19. b4 Rc8 20. Rfc1 h5 21. Be3 Nd6 22. Bb3 h4 23. a5 h3 24. Ba4 Qd5 25. c4 Qh5 26. Bd1 Qg6 27. Bf3 hxg2 28. Bxg2 Bc6 29. Ra2 Bxg2 30. Qxg2 Qxd3 31. Re1 Rh6 32. f5 Rf6 33. Qxg7 Qxf5 34. Rg2 Rg6 35. Rxg6 Qxg6+ 36. Qxg6 fxg6 37. Bf4 Nxc4 38. Rxe6+ Kf7 39. Re4 Rc6 40. Bg5 b6 41. axb6 Nxb6 42. Re7+ Kg8 43. Rb7 Nc4 44. Kf2 Nd6 45. Rb8+ Kf7 46. Kf3 Ke6 47. Ke3 Kf5 48. Bd8 1/2-1/2

[Event "Senta op-B 16th"]
[Site "Senta"]
[Date "2012.07.16"]
[Round "4"]
[White "Stojadinov, Svetlana"]
[Black "Szabo, Nikita"]
[Result "1-0"]
[WhiteElo "1859"]
[BlackElo "1618"]
[PlyCount "61"]
[EventDate "2012.07.14"]
[EventType "swiss"]
[EventRounds "9"]
[EventCountry "SRB"]
[SourceTitle "CBM 149 Extra"]
[Source "ChessBase"]
[SourceDate "2012.08.24"]
[SourceVersion "1"]
[SourceVersionDate "2012.08.24"]
[SourceQuality "1"]

1. e4 Nc6 2. d4 e6 3. Nf3 Be7 4. d5 exd5 5. exd5 Na5 6. Bd2 b6 7. b4 Nb7 8. c4 Nf6 9. a3 0-0 10. Bd3 c6 11. Nc3 cxd5 12. cxd5 a5 13. Rb1 Re8 14. 0-0 Nd6 15. h3 Ba6 16. b5 Bb7 17. Qb3 h6 18. Rfe1 Rc8 19. Bf4 Nh5 20. Bd2 Nf6 21. Bf4 Nh5 22. Be3 Bf6 23. Na4 Rxe3 24. fxe3 Ng3 25. Rbc1 Rxc1 26. Rxc1 Nde4 27. Qc4 Ng5 28. Qc7 Nxf3+ 29. gxf3 Qxc7 30. Rxc7 Bxd5 31. Rc8+ 1-0

[Event "SRB Kadetski festival U18 Girls 6th"]
[Site "Vrnjacka Banja"]
[Date "2012.04.14"]
[Round "6"]
[White "Nonkovic, Bogdana"]
[Black "Stojadinov, Svetlana"]
[Result "1/2-1/2"]
[WhiteElo "1900"]
[BlackElo "1871"]
[PlyCount "49"]
[EventDate "2012.04.10"]
[EventType "tourn"]
[EventRounds "9"]
[EventCountry "SRB"]
[SourceTitle "CBM 148 Extra"]
[Source "ChessBase"]
[SourceDate "2012.06.22"]
[SourceVersion "1"]
[SourceVersionDate "2012.06.22"]
[SourceQuality "1"]

1. c4 g6 2. g3 Bg7 3. Bg2 d6 4. d4 Nd7 5. Nf3 e5 6. 0-0 Ne7 7. Nc3 0-0 8. d5 f5 9. e4 Nc5 10. b4 Nxe4 11. Nxe4 fxe4 12. Ng5 e3 13. fxe3 h6 14. Ne4 h5 15. Ba3 Rxf1+ 16. Qxf1 Nf5 17. Qd3 Bh6 18. Re1 a5 19. Nc3 axb4 20. Bxb4 Qg5 21. Ne4 Qd8 22. a3 b6 23. Nf2 Kh7 24. Ne4 Ba6 25. Qc3 1/2-1/2

[Event "SRB Kadetski festival U18 Girls 6th"]
[Site "Vrnjacka Banja"]
[Date "2012.04.10"]
[Round "1"]
[White "Stojadinov, Svetlana"]
[Black "Gakovic, Isidora"]
[Result "0-1"]
[WhiteElo "1871"]
[BlackElo "1712"]
[PlyCount "115"]
[EventDate "2012.04.10"]
[EventType "tourn"]
[EventRounds "9"]
[EventCountry "SRB"]
[SourceTitle "CBM 148 Extra"]
[Source "ChessBase"]
[SourceDate "2012.06.22"]
[SourceVersion "1"]
[SourceVersionDate "2012.06.22"]
[SourceQuality "1"]

1. e4 e5 2. Nf3 Nc6 3. Bc4 Bc5 4. c3 Nf6 5. b4 Bb6 6. d3 0-0 7. 0-0 a6 8. Qb3 h6 9. a4 d6 10. h3 Qe7 11. Nbd2 Be6 12. Ba3 Ba7 13. Bxe6 fxe6 14. b5 axb5 15. axb5 Na5 16. Qc2 Nd7 17. Bb4 Bb6 18. c4 c5 19. Bc3 Bc7 20. Ra4 b6 21. Rfa1 Rab8 22. Bxa5 bxa5 23. Nb3 Qe8 24. Nxa5 Bxa5 25. Rxa5 Qg6 26. Ne1 Rf7 27. Ra8 Kh7 28. Rxb8 Nxb8 29. Ra8 Nd7 30. Ra6 Nb8 31. Rxd6 Rb7 32. Qa2 Qf7 33. Qa3 Qe7 34. Qxc5 Rd7 35. Rc6 Nxc6 36. Qxc6 Rc7 37. Qb6 Ra7 38. Qe3 Ra1 39. b6 Qb4 40. Kf1 Rb1 41. c5 Qb5 42. Ke2 Qb4 43. Kf1 Qb5 44. Ke2 Qb4 45. Kf1 Qb5 46. g3 Qa4 47. f4 Qa1 48. fxe5 Qa4 49. d4 Rb3 50. Qf2 Qc4+ 51. Kg1 Qc1 52. d5 Rb2 53. Qf1 Qe3+ 54. Kh1 Rb1 55. Kg2 Rxe1 56. Qxe1 Qxe1 57. b7 Qxe4+ 58. Kh2 0-1

[Event "SRB-ch U20 Girls"]
[Site "Donji Milanovac"]
[Date "2011.08.04"]
[Round "6"]
[White "Tomin, Ksenija"]
[Black "Stojadinov, Svetlana"]
[Result "1/2-1/2"]
[WhiteElo "1901"]
[BlackElo "1846"]
[PlyCount "80"]
[EventDate "2011.08.01"]
[EventType "tourn"]
[EventRounds "9"]
[EventCountry "SRB"]
[SourceTitle "CBM 144 Extra"]
[Source "ChessBase"]
[SourceDate "2011.10.28"]
[SourceVersion "1"]
[SourceVersionDate "2011.10.28"]
[SourceQuality "1"]

1. e4 e5 2. Nf3 Nf6 3. Nxe5 d6 4. Nf3 Nxe4 5. d4 Be7 6. Bd3 Nf6 7. 0-0 0-0 8. h3 h6 9. Re1 Be6 10. c4 d5 11. c5 Nc6 12. Nc3 Qc8 13. Bf4 Nb4 14. Bb1 Re8 15. a3 Na6 16. Qd3 Nb8 17. Ne5 Nbd7 18. Nxd7 Qxd7 19. Ne2 b6 20. c6 Qd8 21. Ng3 Kf8 22. Qd2 Bd6 23. Be5 Ng8 24. Qf4 Bxe5 25. Rxe5 Qf6 26. Nh5 Qxf4 27. Nxf4 Rad8 28. Bd3 Rd6 29. Rae1 g5 30. Nxe6+ Rexe6 31. Rxe6 Rxe6 32. Rxe6 fxe6 33. b4 Ke7 34. Kf1 Kd6 35. b5 e5 36. dxe5+ Kxe5 37. Ke2 Nf6 38. Bc2 Ne4 39. a4 d4 40. g3 Nc5 1/2-1/2

[Event "SRB-ch U20 Girls"]
[Site "Donji Milanovac"]
[Date "2011.08.03"]
[Round "4"]
[White "Nonkovic, Bogdana"]
[Black "Stojadinov, Svetlana"]
[Result "1-0"]
[WhiteElo "1862"]
[BlackElo "1846"]
[PlyCount "25"]
[EventDate "2011.08.01"]
[EventType "tourn"]
[EventRounds "9"]
[EventCountry "SRB"]
[SourceTitle "CBM 144 Extra"]
[Source "ChessBase"]
[SourceDate "2011.10.28"]
[SourceVersion "1"]
[SourceVersionDate "2011.10.28"]
[SourceQuality "1"]

1. Nf3 Nf6 2. c4 e6 3. g3 d5 4. d4 c5 5. cxd5 exd5 6. Bg2 Nc6 7. 0-0 h6 8. Nc3 c4 9. Ne5 Bd6 10. Nxc6 bxc6 11. e4 Bb4 12. exd5 cxd5 13. Qa4+ 1-0